| 000 | 01115pam a2200289 a 4500 | ||
|---|---|---|---|
| 001 | 1037996 | ||
| 005 | 20151113114147.0 | ||
| 008 | 890821s1990 ilu b 001 0 eng | ||
| 010 | _a 89039715 | ||
| 020 | _a0226502767 (alk. paper) | ||
| 040 |
_aDLC _cDLC _dDLC |
||
| 050 | 0 | 0 |
_aB2784 _b.M27 1990 |
| 082 | 0 | 0 |
_a121 _220 |
| 100 | 1 |
_aMakkreel, Rudolf A., _d1939- _921055 |
|
| 245 | 1 | 0 |
_aImagination and interpretation in Kant : _bthe hermeneutical import of the Critique of judgment / _cRudolf A. Makkreel. |
| 260 |
_aChicago : _bUniversity of Chicago Press, _c1990. |
||
| 300 |
_ax, 187 p. ; _c24 cm. |
||
| 504 | _aIncludes bibliographical references (p. [173]-180) and index. | ||
| 600 | 1 | 0 |
_aKant, Immanuel, _d1724-1804. _tKritik der Urteilskraft. _913823 |
| 650 | 0 |
_aHermeneutics. _921056 |
|
| 650 | 0 |
_aJudgment (Logic) _913825 |
|
| 650 | 0 |
_aAesthetics. _921057 |
|
| 650 | 0 |
_aTeleology. _913827 |
|
| 906 |
_a7 _bcbc _corignew _d1 _eocip _f19 _gy-gencatlg |
||
| 942 |
_2lcc _cMONOGRAPH |
||
| 999 |
_c123776 _d123776 |
||